| 000 | 01263nam a22003857a 4500 | ||
|---|---|---|---|
| 003 | DO-SdBNP | ||
| 005 | 20231012132050.0 | ||
| 008 | 0607211994 sp a 1 spa | ||
| 017 |
_a _b |
||
| 020 | _a8486459559 (v.3) | ||
| 035 | _a | ||
| 040 |
_aBPMSU _bspa _cBPMSU _e |
||
| 041 |
_aaspa _heng |
||
| 082 | 4 |
_aR574.03 _bE56v 1994 _222 |
|
| 245 | 0 | 0 |
_aEnciclopedia visual de los seres vivos / _cfotografías Peter Chadwick, Geoff Dann ; ilustraciones: Simone End, John Woodcock ; traducido por María del Carmen Blázquez. _h |
| 260 |
_aMadrid : _bEl país-altea, _c1994. _e _f |
||
| 300 |
_av. ; _c32 cm. |
||
| 500 | _a | ||
| 590 | _aInventariado, 2023/VM | ||
| 650 |
_aAnimales _vEnciclopedias. _2 |
||
| 650 | 4 |
_vEnciclopedias _aCuerpo humano _2 |
|
| 650 | 4 |
_aZoología _vEnciclopedias |
|
| 650 | 4 |
_aPlantas _vEnciclopedias. |
|
| 690 | 4 | _v | |
| 700 | 1 |
_aWoodcock, John, _eils. |
|
| 700 | 1 |
_aEnd, Simone, _eils. |
|
| 700 | 1 |
_aWoodcock, John, _eils. |
|
| 700 | 1 |
_aWoodcock, John, _eils. |
|
| 700 | 1 |
_aBlázquez, María del Carmen, _etr. |
|
| 910 | _aVMateo V. Control de calidad. BPMSU | ||
| 942 |
_2ddc _cBK |
||
| 945 | _ainventariado extranjero / DG | ||
| 956 |
_aYLOCKWARD _210 _6BPMSU _800144 |
||
| 980 |
_a _a _b _j _c |
||
| 999 |
_c12795 _d12795 |
||